000 00581nam a2200241Ia 4500
005 20260123164130.0
008 008 260114s9999 xx 000 0 eng d
020 _a9789354434075
037 _aEBOOK
040 _aCRL
040 _beng
040 _cCRL
041 _2eng
041 _aeng
084 _qCRL
100 _aMcgrath
_91106303
245 0 _aTraining for life&leadership in industry, 4/e(rev)
260 _bPHI
856 _uhttps://elibrary.phindia.com/ebooks/reader/9789354434075
942 _cEBOOK
999 _c1671426
_d1671426